Administrative leadership and rural development in India (Record no. 34617)

MARC details
000 -LEADER
fixed length control field 00305nam a2200109Ia 4500
082 ## - DEWEY DECIMAL CLASSIFICATION NUMBER
Classification number 338.43
Item number HAR
100 ## - MAIN ENTRY--AUTHOR NAME
Personal name Haragopal, G
245 #0 - TITLE STATEMENT
Title Administrative leadership and rural development in India
260 ## - PUBLICATION, DISTRIBUTION, ETC. (IMPRINT)
Place of publication New Delhi
Name of publisher Light and Life
Year of publication 1980
942 ## - ADDED ENTRY ELEMENTS (KOHA)
Koha item type Books
Holdings
Withdrawn status Lost status Damaged status Not for loan Home library Current library Date acquired Cost, normal purchase price Full call number Accession Number Koha item type
        RRII Library RRII Library 16/12/2021 75.00 338.43 HAR 15047 Books